00483nam a2200133 a 450000100100000000500170001000800410002704000250006824500820009326000300017530000210020595201060022699900170033200003867420201002031330.0130417s20uu dr a 000 0 spa d aDO-SdBNPbspacBNPHU00aGuia general :bprograma de prevención de desastres y gestión de riesgos. aSanto Domingo :,c[201?]. a[8] p. ;c29 cm. 00107-18PDaPDbPDcOId2013-04-17iLF1l0o p38674-10r2020-06-25w2020-06-25yLFPDZNo se presta c38164d38164